|
|
|
|
| LEADER |
00000nam a2200000 i 4500 |
| 001 |
publ2081 |
| 005 |
20230928144932.0 |
| 008 |
230807s2023 hu o 000 zxx d |
| 020 |
|
|
|a 978-615-6342-64-5
|
| 024 |
|
|
|a 10.29180/978-615-6342-64-5
|2 doi
|
| 040 |
|
|
|a BGE Publikációtár Repozitórium
|b hun
|
| 100 |
1 |
|
|a Neszmélyi György Iván
|
| 245 |
1 |
0 |
|a Cities in Asia
|c Neszmélyi György Iván
|h [elektronikus dokumentum]
|
| 260 |
|
|
|a Budapesti Gazdasági Egyetem
|b Budapest, Magyarország
|c 2023
|
| 300 |
|
|
|a 148
|
| 300 |
|
|
|a 1-148
|
| 490 |
0 |
|
|a OBIC Series
|v 2.
|
| 490 |
0 |
|
|a Cities in Asia
|v 2.
|
| 650 |
|
4 |
|a regionális tudományok
|
| 700 |
1 |
|
|a Koudela Pál
|e aut
|
| 856 |
4 |
0 |
|u https://publikaciotar.uni-bge.hu/id/eprint/2081/1/OBIC%20Book%20Series%202-Cities%20in%20Asia.pdf
|z Dokumentum-elérés
|